New patterns of management
Đã lưu trong:
| Príomhúdar: | |
|---|---|
| Formáid: | Leabhar |
| Teanga: | Undetermined |
| Foilsithe: |
Tokyo
McGraw-Hill Kogakusha, LTD.
1961
|
| Ábhair: | |
| Clibeanna: |
Cuir Clib Leis
Gan Chlibeanna, Bí ar an gcéad duine leis an taifead seo a chlibeáil!
|
| Thư viện lưu trữ: | Trung tâm Học liệu Trường Đại học Cần Thơ |
|---|
| LEADER | 00480nam a2200181Ia 4500 | ||
|---|---|---|---|
| 001 | CTU_86243 | ||
| 008 | 210402s9999 xx 000 0 und d | ||
| 082 | |a 658.018 | ||
| 082 | |b L693 | ||
| 100 | |a Likert, Rensis | ||
| 245 | 0 | |a New patterns of management | |
| 245 | 0 | |c Rensis Likert | |
| 260 | |a Tokyo | ||
| 260 | |b McGraw-Hill Kogakusha, LTD. | ||
| 260 | |c 1961 | ||
| 650 | |a Industrial management | ||
| 904 | |i Năm | ||
| 980 | |a Trung tâm Học liệu Trường Đại học Cần Thơ | ||